000 00448nam a2200145Ia 4500
008 210719s2005 xx 000 0 und d
041 _aeng
082 _a658.8 LOBS
100 _aLOBO (Manisha Cheryl)
245 _aStudy on mandovi motors with special reference to its marketing strategies.
260 _aMangalore
_bDepartment of Business Management St Aloysius College
_c2005
300 _a68
_bHB
365 _cRs
650 _aProject Reports
999 _c214251
_d214251